Cartoon Dragons Drawing: An Easy Step-by-Step Guide for Everyone! (Cartoons for fun! Book 1): (Record no. 346346)
[ view plain ]
| 000 -LEADER | |
|---|---|
| fixed length control field | 00379nam a2200109Ia 4500 |
| 008 - FIXED-LENGTH DATA ELEMENTS--GENERAL INFORMATION | |
| fixed length control field | 171204s9999 xx 000 0 und d |
| 245 ## - TITLE STATEMENT | |
| Title | Cartoon Dragons Drawing: An Easy Step-by-Step Guide for Everyone! (Cartoons for fun! Book 1): |
| 245 ## - TITLE STATEMENT | |
| Statement of responsibility, etc | Christian Powel |
| 260 ## - PUBLICATION, DISTRIBUTION, ETC. (IMPRINT) | |
| Date of publication, distribution, etc | 2016 |
| 650 ## - SUBJECT ADDED ENTRY--TOPICAL TERM | |
| General subdivision | Traditional Cartoon Animation |
| 856 ## - ELECTRONIC LOCATION AND ACCESS | |
| Uniform Resource Identifier | <a href="http://down.ebook777.com/029/B01L0P6TE4.pdf">http://down.ebook777.com/029/B01L0P6TE4.pdf</a> |
| Withdrawn status | Lost status | Damaged status | Home library | Current library | Date acquired | Total Checkouts | Date last seen | Price effective from | Koha item type |
|---|---|---|---|---|---|---|---|---|---|
| College Library | College Library | 12/04/2017 | 12/04/2017 | 12/04/2017 | Curriculum - Based eBooks |